KARABÖCÜ HOŞ GELDİ (Record no. 1140369)

MARC details
000 -LEADER
sabit uzunluktaki kontrol alanı 00266nam a2200097Ia 4500
001 - KONTROL NUMARASI
kontrol alanı 1140369
005 - EN SON İŞLEMİN TARİH VE ZAMANI
kontrol alanı 20250827010059.0
008 - SABİT-UZUNLUKTA VERİ ÖĞELERİ--GENEL BİLGİ
sabit uzunluktaki kontrol alanı 250824s9999 xx 000 0 und d
245 #0 - ESER / YAZAR
ESER ADI KARABÖCÜ HOŞ GELDİ
Yazar Adı NİRAN ELÇİ
260 ## - YAYIN, DAĞITIM, VB.
YAYIN EVİ GÜNIŞIĞI KİTAPLIĞI YAYINLARI
Holdings
Düşüm durumu Kayıp durumu Hasar Durumu Ödünç verilmez Ana kütüphane Geçerli Kütüphane Edinilen tarih Toplam ödünç verme sayısı Barkod Son görüntüleme tarihi Son ödünç verme tarihi Fiyatın geçerli olmaya başladığı tarih Koha materyal türü
        ÖĞRETMEN FETİYE ONSUN İLKOKULU ÖĞRETMEN FETİYE ONSUN İLKOKULU 24.08.2025 3 10951302 01.04.2026 25.03.2026 27.08.2025 Books